Statistiques concernant Les pays qui produisent le plus de vin

Cliquez ici pour prendre le quiz!

Statistiques générales

  • Ce quiz a été pris 152 fois
  • Le résultat moyen est 12 sur 15

Statistiques - réponses

Production (en millions d'hectolitres)Pays% Correct
47,4France
100%
22,1Etats-Unis
99%
37,3Espagne
98%
50,0Italie
98%
11,5Chine
90%
8,8Allemagne
87%
11,9Australie
87%
7,0Portugal
87%
2,5Grèce
82%
4,9Russie
81%
13,4Argentine
78%
12,9Chili
74%
11,2Afrique du Sud
59%
3,5Roumanie
53%
2,9Hongrie
41%

Distribution des résultats

Percentile par nombre de réponses

% des personnes avec chaque résultat

Votre développement - résultats

Vous n’avez pas pris ce quiz